[Event "Euskadi-chT (Vasca) Div 1st"]
[Site "Bergara"]
[Date "2011.01.29"]
[Round "4.4"]
[White "Valdezate Suarez, Fernando"]
[Black "Zabala Perez, Aritz"]
[Result "1/2-1/2"]
[WhiteElo "1991"]
[BlackElo "1932"]
[PlyCount "45"]
[EventDate "2011.01.08"]
[EventType "team-tourn"]
[EventRounds "9"]
[EventCountry "ESP"]
[SourceTitle "EXT 2024"]
[Source "ChessBase"]
[SourceDate "2023.10.10"]
[SourceVersion "1"]
[SourceVersionDate "2023.10.10"]
[SourceQuality "1"]

1. d4 d5 2. Nf3 Nf6 3. c4 c6 4. Nc3 dxc4 5. a4 Bf5 6. e3 e6 7. Bxc4 Be7 8. 0-0 0-0 9. Qb3 Qb6 10. Re1 Qxb3 11. Bxb3 Nbd7 12. e4 Bg6 13. Ne5 Nxe5 14. dxe5 Nd7 15. f3 Bh5 16. g4 Bg6 17. f4 Nc5 18. Bc2 f6 19. f5 Bf7 20. Bf4 exf5 21. exf5 fxe5 22. Bxe5 Nd7 23. Bg3 1/2-1/2

[Event "San Sebastian op 30th"]
[Site "San Sebastian"]
[Date "2007.04.06"]
[Round "7"]
[White "Puga Senar, Fernando"]
[Black "Zabala Perez, Aritz"]
[Result "0-1"]
[WhiteElo "1742"]
[BlackElo "1896"]
[PlyCount "92"]
[EventDate "2007.04.01"]
[EventType "swiss"]
[EventRounds "9"]
[EventCountry "ESP"]
[SourceTitle "CBM 117 Extra"]
[Source "ChessBase"]
[SourceDate "2007.05.09"]
[SourceVersion "1"]
[SourceVersionDate "2007.05.09"]
[SourceQuality "1"]

1. d4 d5 2. c4 dxc4 3. e3 Nf6 4. Bxc4 e6 5. Nf3 Nbd7 6. 0-0 Be7 7. b3 0-0 8. Nc3 c6 9. Bb2 Qc7 10. Rc1 a5 11. Bd3 h6 12. Bb1 Qb6 13. Qc2 Rd8 14. e4 Nf8 15. Na4 Qa7 16. Rfe1 N6d7 17. d5 cxd5 18. exd5 Nf6 19. dxe6 Bxe6 20. Qe2 Nd5 21. Nd4 Nf4 22. Qe4 Bg5 23. Nxe6 N4xe6 24. Rcd1 b5 25. h4 Be7 26. Nc3 Qb6 27. Nd5 Qa7 28. Bxg7 Kxg7 29. Qg4+ Kh8 30. Qh5 Kg7 31. Re3 Bc5 32. Qe5+ Kg8 33. Nf6+ Kh8 34. Nh5+ Kg8 35. Nf6+ Kh8 36. Ng4+ f6 37. Qxf6+ Qg7 38. Qxg7+ Kxg7 39. Red3 Rd4 40. Rxd4 Nxd4 41. Ne5 Re8 42. Nd3 Ne2+ 43. Kf1 Nc3 44. Rc1 Bb4 45. Nxb4 axb4 46. Bd3 Rd8 0-1

[Event "San Sebastian op 30th"]
[Site "San Sebastian"]
[Date "2007.04.05"]
[Round "5"]
[White "Izagirre Alsua, Aritz"]
[Black "Zabala Perez, Aritz"]
[Result "1-0"]
[WhiteElo "1709"]
[BlackElo "1896"]
[PlyCount "103"]
[EventDate "2007.04.01"]
[EventType "swiss"]
[EventRounds "9"]
[EventCountry "ESP"]
[SourceTitle "CBM 117 Extra"]
[Source "ChessBase"]
[SourceDate "2007.05.09"]
[SourceVersion "1"]
[SourceVersionDate "2007.05.09"]
[SourceQuality "1"]

1. e4 e5 2. Nf3 Nc6 3. d4 exd4 4. Nxd4 Bc5 5. Nb3 Bb6 6. Be2 d6 7. Nc3 Qf6 8. 0-0 Nge7 9. Kh1 h5 10. Na4 Bd4 11. c3 Bb6 12. Nxb6 axb6 13. Nd4 Be6 14. Kg1 Rxa2 15. Rxa2 Bxa2 16. b3 Nxd4 17. cxd4 Qe6 18. Bc4 Qxe4 19. Re1 Qg4 20. Qc2 h4 21. h3 Qxd4 22. Qxa2 Kd7 23. Bxf7 c6 24. Qe2 Qf6 25. Be6+ Kc7 26. Bg4 Nd5 27. Bb2 Qg6 28. Bf3 Nf4 29. Qe7+ Kb8 30. Qd7 Ka7 31. Ra1+ Kb8 32. Kh1 Nd3 33. Bd4 Ne5 34. Bxe5 dxe5 35. Re1 Re8 36. Be4 Qe6 37. Qxg7 Qxb3 38. Rb1 Qc3 39. Qd7 Rc8 40. Qd6+ Ka8 41. Qd7 Kb8 42. Qd6+ Ka8 43. Bf5 Rb8 44. Qc7 b5 45. Bc8 Rxc8 46. Qxc8+ Ka7 47. Qf5 b4 48. Qe4 b5 49. Qxh4 c5 50. Qe7+ Kb6 51. Rd1 b3 52. Qd8+ 1-0

[Event "San Sebastian op 30th"]
[Site "San Sebastian"]
[Date "2007.04.03"]
[Round "3"]
[White "Kulago, Alexander"]
[Black "Zabala Perez, Aritz"]
[Result "1/2-1/2"]
[WhiteElo "2143"]
[BlackElo "1896"]
[PlyCount "86"]
[EventDate "2007.04.01"]
[EventType "swiss"]
[EventRounds "9"]
[EventCountry "ESP"]
[SourceTitle "CBM 117 Extra"]
[Source "ChessBase"]
[SourceDate "2007.05.09"]
[SourceVersion "1"]
[SourceVersionDate "2007.05.09"]
[SourceQuality "1"]

1. Nf3 f5 2. d4 Nf6 3. g3 g6 4. Bg2 Bg7 5. 0-0 0-0 6. b3 d6 7. Bb2 c6 8. Nbd2 Nbd7 9. Ng5 Nb6 10. e4 h6 11. Nh3 fxe4 12. Nf4 Bf5 13. h3 g5 14. Ne2 d5 15. g4 Bg6 16. Ng3 e6 17. Re1 Qd6 18. a4 Qc7 19. Ndf1 Nbd7 20. Ne3 Rfe8 21. c4 Rad8 22. Rc1 Qb8 23. Qc2 Bh7 24. b4 Bf8 25. Qb3 Bd6 26. cxd5 cxd5 27. Ne2 Rc8 28. Nc3 Kg7 29. Rc2 Nb6 30. Rec1 Bf4 31. Bf1 Bxe3 32. fxe3 Qg3+ 33. Kh1 Qxe3 34. Re2 Qf3+ 35. Kg1 Rf8 36. Rce1 Nc4 37. Bc1 Nxg4 38. hxg4 Qxg4+ 39. Rg2 Qh4 40. Qd1 Rf3 41. Rh2 Qg3+ 42. Rg2 Qh4 43. Rh2 Qg3+ 1/2-1/2

[Event "Benidorm Nuevas Generaciones op"]
[Site "Benidorm"]
[Date "2007.??.??"]
[Round "2"]
[White "Zabala Perez, Aritz"]
[Black "Lillo Castany, Victor"]
[Result "0-1"]
[WhiteElo "1860"]
[BlackElo "2065"]
[PlyCount "52"]
[EventDate "2007.11.??"]
[EventType "swiss"]
[EventRounds "7"]
[EventCountry "ESP"]
[SourceTitle "EXT 2010"]
[Source "ChessBase"]
[SourceDate "2010.11.25"]
[SourceVersion "1"]
[SourceVersionDate "2010.11.25"]
[SourceQuality "1"]

1. Nf3 Nf6 2. g3 c5 3. Bg2 g6 4. c3 Bg7 5. d4 cxd4 6. cxd4 0-0 7. 0-0 d5 8. Nc3 Nc6 9. Ne5 Bf5 10. Be3 Nxe5 11. dxe5 Ng4 12. Nxd5 Nxe5 13. Qb3 e6 14. Nc3 Qa5 15. h3 h5 16. Bg5 Nc6 17. e4 Bxh3 18. Bxh3 Qxg5 19. Nb5 a6 20. Nc7 Nd4 21. Qxb7 Rfb8 22. Qxa8 Rxa8 23. Nxa8 Qd8 24. Bg2 Qxa8 25. Rad1 Qd8 26. b3 Qa5 0-1

[Event "Bizkaia-ch U16"]
[Site "Bilbao"]
[Date "2006.11.24"]
[Round "4"]
[White "Diaz Herrero, Alvaro"]
[Black "Zabala Perez, Aritz"]
[Result "1-0"]
[WhiteElo "1767"]
[BlackElo "1739"]
[PlyCount "51"]
[EventDate "2006.11.03"]
[EventType "swiss"]
[EventRounds "5"]
[EventCountry "ESP"]
[SourceTitle "EXT 2018"]
[Source "ChessBase"]
[SourceDate "2017.10.13"]
[SourceVersion "1"]
[SourceVersionDate "2017.10.13"]
[SourceQuality "1"]

1. e4 b6 2. d4 Bb7 3. Bd3 f5 4. exf5 Bxg2 5. Qh5+ g6 6. fxg6 Bg7 7. gxh7+ Kf8 8. hxg8Q+ Kxg8 9. Qg6 Bxh1 10. f3 Rxh2 11. Bf4 Rh8 12. Nc3 Qf8 13. Be5 Nc6 14. Bc4+ e6 15. Bxe6+ dxe6 16. Qxe6+ Qf7 17. Qxc6 Re8 18. 0-0-0 Bxe5 19. dxe5 Qf4+ 20. Kb1 Qxe5 21. Qg6+ Kf8 22. Nge2 Qe6 23. Qg3 Qe5 24. Nf4 Qg7 25. Ne6+ Rxe6 26. Rd8+ 1-0

[Event "Bizkaia-ch U16"]
[Site "Bilbao"]
[Date "2006.11.17"]
[Round "3"]
[White "Zabala Perez, Aritz"]
[Black "Bratu, Andreea"]
[Result "1-0"]
[WhiteElo "1739"]
[BlackElo "1597"]
[PlyCount "119"]
[EventDate "2006.11.03"]
[EventType "swiss"]
[EventRounds "5"]
[EventCountry "ESP"]
[SourceTitle "EXT 2018"]
[Source "ChessBase"]
[SourceDate "2017.10.13"]
[SourceVersion "1"]
[SourceVersionDate "2017.10.13"]
[SourceQuality "1"]

1. e4 c5 2. Nc3 d6 3. g3 Nc6 4. Bg2 Nf6 5. d3 e6 6. f4 Be7 7. Nf3 0-0 8. 0-0 a6 9. h3 b5 10. Kh2 Bd7 11. g4 Qc7 12. Ne2 e5 13. f5 d5 14. Ng3 Rfd8 15. g5 Nxe4 16. dxe4 dxe4 17. f6 Bxh3 18. Qe1 Bxg2 19. fxe7 Qxe7 20. Nxe5 Qxe5 21. Kxg2 Nd4 22. Qf2 Rd7 23. Re1 Qd5 24. Be3 Re8 25. c3 Nf3 26. Red1 Qc6 27. Rxd7 Qxd7 28. Bxc5 Nxg5 29. Nf5 g6 30. Nh6+ Kg7 31. Bd4+ Kf8 32. Rh1 Qd5 33. Qe3 Nf3 34. Bc5+ Kg7 35. Ng4 Qd2+ 36. Qxd2 Nxd2 37. Bd4+ Kf8 38. Rxh7 Ke7 39. Ne5 Nf3 40. Nxg6+ Ke6 41. Nf4+ Ke7 42. Nd5+ Kd6 43. Nf6 Re6 44. Nxe4+ Rxe4 45. Kxf3 Re7 46. Rh6+ Re6 47. Rxe6+ Kxe6 48. Ke4 a5 49. Bf2 f5+ 50. Kf4 Kd5 51. Kxf5 Kc4 52. Ke4 b4 53. cxb4 axb4 54. Be3 b3 55. axb3+ Kxb3 56. Bc1 Kc4 57. Ke3 Kb4 58. Kd4 Kb3 59. Kc5 Ka4 60. b4 1-0

[Event "Euskadi-ch U18"]
[Site "Eibar"]
[Date "1009.04.14"]
[Round "1"]
[White "Diaz Herrero, Alvaro"]
[Black "Zabala Perez, Aritz"]
[Result "1-0"]
[WhiteElo "2121"]
[BlackElo "1883"]
[PlyCount "51"]
[EventDate "2009.04.14"]
[EventType "swiss"]
[EventRounds "6"]
[EventCountry "ESP"]
[SourceTitle "EXT 2024"]
[Source "ChessBase"]
[SourceDate "2023.10.10"]
[SourceVersion "1"]
[SourceVersionDate "2023.10.10"]
[SourceQuality "1"]

1. e4 e5 2. Nf3 Nc6 3. Nc3 Nf6 4. d4 exd4 5. Nd5 Be7 6. Bf4 d6 7. Nxd4 0-0 8. Nb5 Nxd5 9. exd5 Ne5 10. Qd2 a6 11. Nd4 Bf6 12. 0-0-0 b5 13. f3 Re8 14. Be2 Bb7 15. Nf5 Ng6 16. Bg3 Bxd5 17. Qxd5 Rxe2 18. Qd3 Re8 19. h4 Ne5 20. Qd5 Qd7 21. Nd4 Nc4 22. Bf4 c5 23. Nb3 Bxb2+ 24. Kb1 Be5 25. Bxe5 Rxe5 26. Qxa8+ 1-0